Panorama literario de los pueblos nahuas
-д хадгалсан:
| Үндсэн зохиолч: | |
|---|---|
| Формат: | Ном |
| Хэл сонгох: | испани |
| Хэвлэсэн: |
Ciudad de México
Porrua
1963
|
| Цуврал: | Sepan cuantos, 22
|
| Нөхцлүүд: | |
| Шошгууд: |
Шошго нэмэх
Шошго байхгүй, Энэхүү баримтыг шошголох эхний хүн болох!
|
MARC
| LEADER | 00000nam a2200000 a 4500 | ||
|---|---|---|---|
| 001 | UCV9145 | ||
| 003 | CL-VaPUC | ||
| 008 | 920605e19630000MX |||||||||||||||||spa|d | ||
| 082 | 0 | 4 | |a 897.452 |b GAR |2 21 |
| 100 | |a Garibay Kintana, Ángel MarÍa |e author |9 330618 | ||
| 245 | 1 | 0 | |a Panorama literario de los pueblos nahuas |
| 300 | |a 163 p | ||
| 942 | |c BK | ||
| 945 | |d 19920605 00:00:00 | ||
| 260 | |a Ciudad de México |b Porrua |c 1963 | ||
| 650 | 7 | |a LITERATURA AZTECA |2 CL-VaPUC |9 267674 | |
| 583 | |a last modification |c 19920605 00:00:00 |k Rodrigo Vera | ||
| 490 | 0 | |a Sepan cuantos, 22 | |
| 999 | |c 214526 |d 214524 | ||
| 952 | |0 0 |1 0 |4 0 |6 897_452000000000000_GAR_1963 |7 0 |8 P |9 197988 |a BIBARQ |b BIBARQ |d 2019-11-14 |i 2655942 |o 897.452 GAR 1963 |p 2655942 |r 2025-01-20 |w 2019-11-14 |y BK |k ARQ | ||